| 000 | 00685nam a2200229 4500 | ||
|---|---|---|---|
| 003 | OTs | ||
| 005 | 20260530113922.0 | ||
| 008 | 260520b1996 |||aob|| |||| 00| 0 spa d | ||
| 040 |
_aICI _bspa _cICI _erda |
||
| 050 |
_aF1391.Q4 _bL3 1996 |
||
| 245 |
_aLa ciudad _bThe city |
||
| 264 |
_aMéxico _bSantiago de Querétaro _c1996 |
||
| 300 | _a16 Páginas | ||
| 336 |
_2rdacontent _atexto |
||
| 337 |
_2rdamedia _asin medio |
||
| 338 |
_2rdacarrier _avolumen |
||
| 650 |
_aUrbanismo _zQuerétaro _934735 |
||
| 650 |
_aCiudades y pueblos _xHistoria _zMéxico _9787 |
||
| 650 |
_aPatrimonio cultural _zQuerétaro _934736 |
||
| 650 |
_aArquitectura colonial _zMéxico _91940 |
||
| 942 |
_2lcc _n1 _cBK |
||
| 999 |
_c12482 _d12482 |
||